Multimedia transcoding in mobile and wireless networks / (Record no. 23624)

MARC details
000 -LEADER
fixed length control field 01493cam a22003615a 4500
001 - CONTROL NUMBER
control field 15227739
005 - DATE AND TIME OF LATEST TRANSACTION
control field 20201128024056.0
008 - FIXED-LENGTH DATA ELEMENTS--GENERAL INFORMATION
fixed length control field 080321t2009 paua frb 001 0 eng d
010 ## - LIBRARY OF CONGRESS CONTROL NUMBER
LC control number 2008013149
020 ## - INTERNATIONAL STANDARD BOOK NUMBER
International Standard Book Number 9781599049847 (hardcover)
020 ## - INTERNATIONAL STANDARD BOOK NUMBER
International Standard Book Number 1599049848 (hardcover)
040 ## - CATALOGING SOURCE
Original cataloging agency DLC
Transcribing agency DLC
Modifying agency BAKER
-- BTCTA
-- YDXCP
-- C#P
-- DLC
-- EG-ScBUE
Language of cataloging eng
082 04 - DEWEY DECIMAL CLASSIFICATION NUMBER
Classification number 006.7
Edition number 22
Item number MUL
245 00 - TITLE STATEMENT
Title Multimedia transcoding in mobile and wireless networks /
Statement of responsibility, etc Ashraf M.A. Ahmad, Ismail Khalil Ibrahim [editors].
260 ## - PUBLICATION, DISTRIBUTION, ETC. (IMPRINT)
Place of publication, distribution, etc Hershey :
Name of publisher, distributor, etc Information Science Reference,
Date of publication, distribution, etc c.2009.
300 ## - PHYSICAL DESCRIPTION
Extent xix, 439 p. :
Other physical details ill. ;
Dimensions 29 cm.
500 ## - GENERAL NOTE
General note Index : p. 435-439.<br/>
504 ## - BIBLIOGRAPHY, ETC. NOTE
Bibliography, etc Bibliography : p. 389-427.<br/>
520 ## - SUMMARY, ETC.
Summary, etc "This book is designed to provide readers with relevant theoretical frameworks and latest technical and institutional solutions for transcoding multimedia in mobile and wireless networks"--Provided by publisher.
590 ## - LOCAL NOTE (RLIN)
Local note SAMEH
650 #7 - SUBJECT ADDED ENTRY--TOPICAL TERM
Topical term or geographic name as entry element Multimedia communications.
Source of heading or term BUEsh
9 (RLIN) 37797
650 #7 - SUBJECT ADDED ENTRY--TOPICAL TERM
Topical term or geographic name as entry element Mobile communication systems.
Source of heading or term BUEsh
9 (RLIN) 12951
650 #7 - SUBJECT ADDED ENTRY--TOPICAL TERM
Topical term or geographic name as entry element Wireless Internet.
Source of heading or term BUEsh
650 #7 - SUBJECT ADDED ENTRY--TOPICAL TERM
Topical term or geographic name as entry element Mobile computing.
Source of heading or term BUEsh
9 (RLIN) 835
650 #7 - SUBJECT ADDED ENTRY--TOPICAL TERM
Topical term or geographic name as entry element Coding theory.
Source of heading or term BUEsh
9 (RLIN) 2636
651 ## - SUBJECT ADDED ENTRY--GEOGRAPHIC NAME
Source of heading or term BUEsh
653 ## - INDEX TERM--UNCONTROLLED
Resource For college Informatics and Computer Science
Arrived date list December2016
655 ## - INDEX TERM--GENRE/FORM
Form subdivision Reading book
-- 34232
700 1# - ADDED ENTRY--PERSONAL NAME
Personal name Ahmad, Ashraf M. A.
Relator term editor.
700 1# - ADDED ENTRY--PERSONAL NAME
Personal name Ibrahim, Ismail Khalil.
Relator term editor.
856 41 - ELECTRONIC LOCATION AND ACCESS
Materials specified Table of contents only
Uniform Resource Identifier <a href="http://www.loc.gov/catdir/toc/ecip0814/2008013149.html">http://www.loc.gov/catdir/toc/ecip0814/2008013149.html</a>
942 ## - ADDED ENTRY ELEMENTS (KOHA)
Source of classification or shelving scheme Dewey Decimal Classification
Holdings
Withdrawn status Item status Source of classification or shelving scheme Damaged status Not for loan Vendor Home library Current library Shelving location Date acquired Source of acquisition Cost, normal purchase price Total Checkouts Full call number Barcode Date last seen Koha item type
    Dewey Decimal Classification     Baccah Central Library Central Library Lower Floor 19/12/2016 Purchase 2850.00   006.7 MUL 000045249 15/07/2025 NB - Book (Non borrowing)
    Dewey Decimal Classification     Baccah Central Library Central Library Lower Floor 19/12/2016 Purchase 2850.00   006.7 MUL 000045250 15/07/2025 Book - Borrowing